00771nam a22002057a 450000500170000001000130001702000260003003500130005603700080006908200080007724501230008526000370020830000450024565000210029065000190031170000400033094200220037099900170039295201560040920110204105540.0 aB-422626 a9780141015712c899.00 aB-422626 bUBH a520 aOn the shoulders of giants :bthe great works of physics and astronomy /cedited, with commentary, by Stephen Hawking. aIndiabPenguin Books Indiac2003 axiii,1264p. :bill., ports.c24 cm.(pbk) aAstronomy927462 aPhysics927463 aHawking, S. W.q(Stephen W.)925725 2ddccENh520mONT c50313d50313 001040708NFICaLbLd2011-03-08e255/14.02.11/08.03.11g899.00l10m7o520 ONTpB-422626r2025-02-17 00:00:00s2025-01-28t1v899.00w2011-04-25yEN